| 000 | 00493nam a2200157Ia 4500 | ||
|---|---|---|---|
| 008 | 230718s9999 xx 000 0 und d | ||
| 041 | _aeng | ||
| 082 |
_a004.165 _bGAO |
||
| 100 |
_aGaonkar R.S. _9111589 |
||
| 245 |
_aFundamentals Of Microcontrollers And Applications In Embedded Systems _bWith The PIC 18 Microcontroller Family |
||
| 260 | _bPenram International Pub. | ||
| 300 | _a560 | ||
| 365 |
_cRs. _b270.00 |
||
| 700 |
_aGaonkar R.S. _9111589 |
||
| 906 |
_dB:292726-Dec-2007 _cINST _b54 |
||
| 999 |
_c318070 _d318070 |
||